Vybrané aspekty spoločnej obchodnej politiky EÚ

Spoločná obchodná politika EÚ v zakladajúcich zmluvách a ich revíziách - Maastrichtská zmluva, Amsterdamská zmluva, zmluva z Nice a Lisabonská zmluva. Spoločná obchodná politika v judikatúre Súdneho dvora.

Guardado en:
Detalles Bibliográficos
Autor principal: Silná, Zuzana
Formato: Capítulo de libro
Lenguaje:eslovaco
Materias:
Etiquetas: Agregar Etiqueta
Sin Etiquetas, Sea el primero en etiquetar este registro!

MARC

LEADER 00000naa$a2200000$$$4500
001 0102971
005 20240711105733.9
041 0 |a slo 
044 |a SK 
245 1 0 |a Vybrané aspekty spoločnej obchodnej politiky EÚ  |c Zuzana Silná 
520 |a Spoločná obchodná politika EÚ v zakladajúcich zmluvách a ich revíziách - Maastrichtská zmluva, Amsterdamská zmluva, zmluva z Nice a Lisabonská zmluva. Spoločná obchodná politika v judikatúre Súdneho dvora. 
610 2 0 |a Európska únia 
610 2 0 |a politika obchodná 
610 2 0 |a spolupráca medzinárodná 
610 2 0 |a zmluvy medzinárodné 
610 2 0 |a súdy 
610 2 0 |a právomoc 
610 2 0 |a dohody medzinárodné 
610 2 0 |a vlastníctvo duševné 
100 1 |a Silná, Zuzana